Państwa zaczynające i kończące się na tę samą literę. - Statystyki

Ogólne statystyki
  • Ten quiz został rozwiązany 234 razy
  • Średni wynik to 8 z 11
Statystyki odpowiedzi
Państwo % Poprawnych
Australia
83%
Austria
83%
Albania
81%
Andora
79%
Argentyna
79%
Armenia
72%
Angola
71%
Algieria
64%
Arabia Saudyjska
63%
Antigua i Barbuda
60%
Saint Kitts i Nevis
19%
Nie znaleziono quizów pasujących do podanych kryteriów
Rozkład punktacji
Procent ludzi z każdym wynikiem
Percentyl według liczby udzielonych odpowiedzi
Twoja historia wyników
Nie rozwiązałeś tego quizu